000 00288nam a22001337a 4500
008 171003b xxu||||| |||| 00| 0 eng d
020 _a9780803945616
041 _aeng
080 _a159.9
100 _a48
101 _aPSI
245 _aFRIENDSHIP PROCESSES
_cFEHR,B
942 _2udc
_cBK
999 _c31395
_d31395